| 000 | 00527 a2200169 4500 | ||
|---|---|---|---|
| 020 | _a9814126772 | ||
| 040 |
_aDLC _bDLC |
||
| 082 | _a003.015113 | ||
| 100 | _aYager, Ronald R. | ||
| 110 | _aFilev, Dimitar P. | ||
| 245 |
_aEssentials of fuzzy modeling and control _cRonald R,Yager, . |
||
| 260 |
_aNew York : _bWiley, _c2002. |
||
| 300 |
_axvi, 388 p. : _bill. ; _c25 cm. |
||
| 500 | _aIncludes bibliographical references and index | ||
| 650 | _a 1.Fuzzy sets.2.Fuzzy systems.3.Control theory. | ||
| 942 |
_cBK _k003.015113 YAG _2ddc |
||
| 999 |
_c5009 _d5009 |
||